| 000 | 01263nam a2200277 a 4500 | ||
|---|---|---|---|
| 001 | 000016723 | ||
| 005 | 20200929164943.0 | ||
| 008 | 100310s1991 dr 000 0 spa d | ||
| 040 |
_aDO-SdBNP _bspa _cBNPHU |
||
| 082 |
_a368.97293 _bL514s |
||
| 245 | 0 | 0 |
_aLegislación del seguro y afines en República Dominicana / _cAna María Méndez...[et al.] ; presentación J. Felipe Mendoza. |
| 260 |
_aSanto Domingo : _bAmigo del Hogar, _c1991. |
||
| 300 |
_axii, 296 p. ; _c23 cm. |
||
| 504 | _aBibliografía : p. 295-296 | ||
| 505 | 0 | _aPresentación -- J. Felipe Mendoza -- Introducción -- Historia del seguro y su evolución en la República Dominicana -- Base legal del seguro en la República Dominicana -- Prontuario jurídico de la legislación de seguros y afines en la República Dominicana -- Anexos. | |
| 590 | _aInventariado, 2018/LP | ||
| 650 | 4 |
_aSeguros _xLegislación _zRepública Dominicana _937092 |
|
| 650 | 4 |
_aAdministración de riesgos _937093 |
|
| 650 | 4 |
_aSupervisión estatal de seguros _937094 |
|
| 700 | 1 |
_aQuezada, Alejandro _9482 |
|
| 700 | 1 |
_aMéndez, Ana María _937002 |
|
| 700 | 1 |
_aGermán, Isidro _916056 |
|
| 700 | 1 |
_aJiménez, Élida _911636 |
|
| 700 | 1 |
_aMendoza, J. Felipe _937095 |
|
| 910 | _aValidado. Control de calidad EMS | ||
| 999 |
_c16255 _d16255 |
||